00341nam a2200133Ia 4500008004500000022001200045041000800057082001400065100001400079245006900093260002800162300001100190440000600201240112s1955 AUG xx 000 0 und d a54-6097 aeng a618.92705 aBARWIN H. aPEDIATRIC CLINICS OF NORTH AMERIC:SYMPOSIUM ON PEDIATRIC UROLOGY bSAUNDERS W.B.c1955 AUG a925,HB v4